| 000 | 00532nam a22001697a 4500 | ||
|---|---|---|---|
| 003 | NUST | ||
| 005 | 20220905164947.0 | ||
| 008 | 171213b xxu||||| |||| 00| 0 eng d | ||
| 040 | _c0 | ||
| 082 | _a616.89 | ||
| 100 | _4Zupash Amjad | ||
| 245 | _aPractice of self-compassion among mental health service providers and its relationship with compassion satisfaction and compassion fatigue | ||
| 260 |
_aIslamabad _bNUST _c2017 |
||
| 300 | _a82p | ||
| 856 | _uhttp://10.250.8.41:8080/xmlui/handle/123456789/3707 | ||
| 942 |
_2ddc _cTHE |
||
| 999 |
_c332542 _d332542 |
||